An autobiography
Bewaard in:
| Hoofdauteur: | |
|---|---|
| Formaat: | Boek |
| Taal: | Undetermined |
| Gepubliceerd in: |
New Delhi, India
Oxford Univ
1996
|
| Onderwerpen: | |
| Tags: |
Voeg label toe
Geen labels, Wees de eerste die dit record labelt!
|
| Thư viện lưu trữ: | Trung tâm Học liệu Trường Đại học Cần Thơ |
|---|
| LEADER | 00486nam a2200181Ia 4500 | ||
|---|---|---|---|
| 001 | CTU_34035 | ||
| 008 | 210402s9999 xx 000 0 und d | ||
| 082 | |a 891.47 | ||
| 082 | |b N369 | ||
| 100 | |a Jawaharlal Nehru | ||
| 245 | 3 | |a An autobiography | |
| 245 | 0 | |c Jawaharlal Nehru | |
| 260 | |a New Delhi, India | ||
| 260 | |b Oxford Univ | ||
| 260 | |c 1996 | ||
| 650 | |a indic literature - 20th century | ||
| 904 | |i Minh, 991119 | ||
| 980 | |a Trung tâm Học liệu Trường Đại học Cần Thơ | ||